<?xml version="1.0" encoding="UTF-8"?>
<record
    xmlns:xsi="http://www.w3.org/2001/XMLSchema-instance"
    xsi:schemaLocation="http://www.loc.gov/MARC21/slim http://www.loc.gov/standards/marcxml/schema/MARC21slim.xsd"
    xmlns="http://www.loc.gov/MARC21/slim">

  <leader>01127nam a22002417a 4500</leader>
  <controlfield tag="005">20170123164154.0</controlfield>
  <datafield tag="010" ind1=" " ind2=" ">
    <subfield code="a">B-124708</subfield>
  </datafield>
  <datafield tag="020" ind1=" " ind2=" ">
    <subfield code="a">8180590186</subfield>
    <subfield code="c">150.00</subfield>
  </datafield>
  <datafield tag="035" ind1=" " ind2=" ">
    <subfield code="a">B-124708</subfield>
  </datafield>
  <datafield tag="037" ind1=" " ind2=" ">
    <subfield code="a">Cen Lib / Ret</subfield>
  </datafield>
  <datafield tag="040" ind1=" " ind2=" ">
    <subfield code="a">DPL</subfield>
    <subfield code="b">PN</subfield>
  </datafield>
  <datafield tag="082" ind1=" " ind2=" ">
    <subfield code="a">260.35</subfield>
    <subfield code="b">&#xA1C;&#xA4B;&#xA39;&#xA30; </subfield>
  </datafield>
  <datafield tag="100" ind1=" " ind2=" ">
    <subfield code="a">&#xA1C;&#xA4B;&#xA39;&#xA30;, &#xA38;&#xA41;&#xA30;&#xA3F;&#xA70;&#xA26;&#xA30; &#xA38;&#xA3F;&#xA70;&#xA18; </subfield>
    <subfield code="9">138276</subfield>
  </datafield>
  <datafield tag="245" ind1=" " ind2=" ">
    <subfield code="a">&#xA38;&#xA3C;&#xA4D;&#xA30;&#xA40; &#xA17;&#xA41;&#xA30;&#xA42; &#xA17;&#xA4B;&#xA2C;&#xA3F;&#xA70;&#xA26; &#xA38;&#xA3F;&#xA70;&#xA18; &#xA1C;&#xA40; :</subfield>
    <subfield code="c">&#xA38;&#xA41;&#xA30;&#xA3F;&#xA70;&#xA26;&#xA30; &#xA38;&#xA3F;&#xA70;&#xA18; &#xA1C;&#xA4B;&#xA39;&#xA30; </subfield>
    <subfield code="b">&#xA1C;&#xA40;&#xA35;&#xA28;&#xA40; /</subfield>
  </datafield>
  <datafield tag="246" ind1=" " ind2=" ">
    <subfield code="a">Guru Gobind Singh : biography /</subfield>
    <subfield code="b">by Surinder Singh Johar </subfield>
  </datafield>
  <datafield tag="260" ind1=" " ind2=" ">
    <subfield code="a">&#xA26;&#xA3F;&#xA71;&#xA32;&#xA40; </subfield>
    <subfield code="b">&#xA38;&#xA3C;&#xA4D;&#xA30;&#xA40; &#xA2A;&#xA4D;&#xA30;&#xA15;&#xA3E;&#xA38;&#xA3C;&#xA28; </subfield>
    <subfield code="c">2004</subfield>
  </datafield>
  <datafield tag="270" ind1=" " ind2=" ">
    <subfield code="a">4/32 &#xA38;&#xA41;&#xA2D;&#xA3E;&#xA38;&#xA3C; &#xA17;&#xA32;&#xA40;, &#xA35;&#xA3F;&#xA38;&#xA3C;&#xA35;&#xA3E;&#xA38; &#xA28;&#xA17;&#xA30;</subfield>
    <subfield code="b">&#xA26;&#xA3F;&#xA71;&#xA32;&#xA40; </subfield>
    <subfield code="e">110032</subfield>
  </datafield>
  <datafield tag="300" ind1=" " ind2=" ">
    <subfield code="a">160p.</subfield>
    <subfield code="c">22(Hb)</subfield>
  </datafield>
  <datafield tag="650" ind1=" " ind2=" ">
    <subfield code="a">&#xA2A;&#xA70;&#xA1C;&#xA3E;&#xA2C;&#xA40; &#xA38;&#xA3E;&#xA39;&#xA3F;&#xA24;   </subfield>
    <subfield code="9">138277</subfield>
  </datafield>
  <datafield tag="650" ind1=" " ind2=" ">
    <subfield code="a">&#xA2A;&#xA70;&#xA1C;&#xA3E;&#xA2C;&#xA40; &#xA38;&#xA3E;&#xA39;&#xA3F;&#xA24; -  &#xA30;&#xA41;&#xA39;&#xA3E;&#xA28;&#xA40; &#xA06;&#xA27;&#xA3E;&#xA30;&#xA3F;&#xA24;  &#xA38;&#xA3F;&#xA71;&#xA16; &#xA27;&#xA30;&#xA2E; &#xA1C;&#xA40;&#xA35;&#xA28;</subfield>
    <subfield code="9">13179</subfield>
  </datafield>
  <datafield tag="650" ind1=" " ind2=" ">
    <subfield code="a">Punjabi Literature-Spiritual and Sikh religon life</subfield>
    <subfield code="9">13180</subfield>
  </datafield>
  <datafield tag="942" ind1=" " ind2=" ">
    <subfield code="2">ddc</subfield>
    <subfield code="c">PN</subfield>
    <subfield code="h">260.35</subfield>
    <subfield code="m">&#xA1C;&#xA4B;&#xA39;&#xA30; </subfield>
  </datafield>
  <datafield tag="999" ind1=" " ind2=" ">
    <subfield code="c">110557</subfield>
    <subfield code="d">110557</subfield>
  </datafield>
  <datafield tag="952" ind1=" " ind2=" ">
    <subfield code="0">0</subfield>
    <subfield code="1">0</subfield>
    <subfield code="4">0</subfield>
    <subfield code="7">0</subfield>
    <subfield code="a">L</subfield>
    <subfield code="b">L</subfield>
    <subfield code="d">2016-02-04</subfield>
    <subfield code="e">Cen Lib/Ret</subfield>
    <subfield code="g">150.00</subfield>
    <subfield code="l">0</subfield>
    <subfield code="o">260.35 &#xA1C;&#xA4B;&#xA39;&#xA30;</subfield>
    <subfield code="p">B-124708</subfield>
    <subfield code="r">2016-02-04 00:00:00</subfield>
    <subfield code="t">1</subfield>
    <subfield code="v">150.00</subfield>
    <subfield code="w">2016-02-04</subfield>
    <subfield code="y">PN</subfield>
  </datafield>
</record>
